Normal view MARC view

Entry Personal Name

Number of records used in: 1

001 - CONTROL NUMBER

  • control field: 524556

003 - CONTROL NUMBER IDENTIFIER

  • control field: OSt

005 - DATE AND TIME OF LATEST TRANSACTION

  • control field: 20220930064515.0

008 - FIXED-LENGTH DATA ELEMENTS

  • fixed length control field: 220930|| aca||aabn | a|a d

040 ## - CATALOGING SOURCE

  • Original cataloging agency: OSt
  • Transcribing agency: OSt

100 ## - HEADING--PERSONAL NAME

  • Personal name: Gupta V.N

670 ## - SOURCE DATA FOUND

  • Source citation: Work cat.: (OSt)858282: Gupta V.N., Studies of (a) special chemical components of heartwoods and (b) some reactions involving active methylene groups, 1956
Copyright @ Delhi University Library System